000 004220000a22001570004500
041 0 _aSPA
082 0 4 _aG 270.92 B718e
245 1 0 _aEspiritualidad y liberación en América Latina / Eduardo Bonín, Editor
260 _aSan José, Costa Rica : DEI
300 _a204 Pag
001 8397
942 _cBK
999 _c38560
_d38560
336 _atexto
_btxt
_2rdacontent
337 _2rdamedia
_asin mediación
_bn
338 _2rdacarrier
_avolumen
_bnc